000
00240nam a2200097Ia 4500
008
230508s2004 xx 000 0 und d
041
_a
eng
100
_a
RODDY COOLEN
245
_a
ELECTRONIC COMMUNICATION
260
_b
PEARSON EDUCATION
_c
2004
999
_c
332563
_d
332563